La ciudad y los niños en América Latina /

Kaydedildi:
Detaylı Bibliyografya
Yazar: Carrión, Diego
Diğer Yazarlar: Vainstoc, Ana
Materyal Türü: Metin
Baskı/Yayın Bilgisi: Quito: Ciudad
Etiketler: Etiketle
Etiket eklenmemiş, İlk siz ekleyin!

MARC

LEADER 00000 a a2200000 04500
001 22195
003
040
090 |a 150500  
100 |a Carrión, Diego  
245 |a La ciudad y los niños en América Latina /  |c Diego Carrión 
260 |a Quito:   |b Ciudad  
300 |a 305 p.  
700 |a Vainstoc, Ana  
999 |c 16121  |d 16121